[Event "Katowice rapid op"]
[Site "Katowice"]
[Date "2025.05.31"]
[Round "2"]
[White "Hnydiuk, Aleksander"]
[Black "Kaminski, Piotr"]
[Result "1-0"]
[WhiteElo "2264"]
[BlackElo "1963"]
[PlyCount "71"]
[EventDate "2025.05.31"]
[EventType "swiss"]
[EventRounds "11"]
[EventCountry "POL"]
[SourceTitle "CB24_2025"]
[SourceDate "2025.06.11"]
[SourceVersion "1"]
[SourceVersionDate "2025.06.11"]
[SourceQuality "1"]

1. Nf3 Nf6 2. c4 c6 3. g3 d5 4. Bg2 Bf5 5. Qb3 Qb6 6. d3 e6 7. Be3 Qxb3 8. axb3 a6 9. 0-0 Nbd7 10. Bd4 h6 11. Nbd2 Be7 12. Bc3 c5 13. cxd5 exd5 14. e4 Be6 15. exd5 Bxd5 16. Rfe1 Be6 17. Ne5 Rb8 18. Ndc4 0-0 19. Ng6 Rfe8 20. Nxe7+ Rxe7 21. Nd6 b5 22. Rxa6 b4 23. Bd2 Nb6 24. Bf4 Nbd5 25. Nf5 Nxf4 26. Nxe7+ Kf8 27. gxf4 Kxe7 28. f5 Ng8 29. fxe6 f6 30. Ra7+ Kf8 31. Rf7+ Ke8 32. Bc6+ Kd8 33. Rf8+ Kc7 34. Rxb8 Kxb8 35. e7 Nxe7 36. Rxe7 1-0

[Event "Katowice rapid op"]
[Site "Katowice"]
[Date "2025.05.31"]
[Round "11"]
[White "Kaminski, Piotr"]
[Black "Zajadlak, Milosz"]
[Result "0-1"]
[WhiteElo "1963"]
[BlackElo "1841"]
[PlyCount "94"]
[EventDate "2025.05.31"]
[EventType "swiss"]
[EventRounds "11"]
[EventCountry "POL"]
[SourceTitle "CB24_2025"]
[SourceDate "2025.06.11"]
[SourceVersion "1"]
[SourceVersionDate "2025.06.11"]
[SourceQuality "1"]

1. d4 d5 2. c4 dxc4 3. e4 b5 4. a4 c6 5. Nf3 e6 6. Be2 Nf6 7. e5 Nd5 8. 0-0 Be7 9. b3 0-0 10. bxc4 bxc4 11. Bxc4 Nd7 12. Nbd2 N7b6 13. Bd3 Nb4 14. Be4 N6d5 15. Qb3 Nf4 16. Re1 Ba6 17. Nc4 Nfd5 18. Ne3 Nf4 19. Nc4 Nfd5 20. g3 Rb8 21. Nfd2 Qc7 22. Ba3 Bg5 23. f4 Be7 24. Qf3 c5 25. Bxb4 Nxb4 26. Rac1 Rfd8 27. f5 exf5 28. Qxf5 g6 29. Qf3 Rxd4 30. Bb1 Bg5 31. Rcd1 Bxc4 32. Nxc4 Rxc4 33. e6 Rd4 34. h4 Bd8 35. h5 gxh5 36. Rxd4 cxd4 37. Kg2 Nc6 38. Bxh7+ Kxh7 39. exf7 Be7 40. Qxh5+ Kg7 41. Rh1 Rb2+ 42. Kf3 Ne5+ 43. Ke4 Re2+ 44. Qxe2 Nxf7 45. Qg4+ Ng5+ 46. Kd3 Qc3+ 47. Ke2 d3+ 0-1

[Event "Katowice rapid op"]
[Site "Katowice"]
[Date "2025.05.31"]
[Round "8"]
[White "Klepek, Witold"]
[Black "Kaminski, Piotr"]
[Result "1-0"]
[WhiteElo "2123"]
[BlackElo "1963"]
[PlyCount "63"]
[EventDate "2025.05.31"]
[EventType "swiss"]
[EventRounds "11"]
[EventCountry "POL"]
[SourceTitle "CB24_2025"]
[SourceDate "2025.06.11"]
[SourceVersion "1"]
[SourceVersionDate "2025.06.11"]
[SourceQuality "1"]

1. e4 c6 2. d4 d5 3. e5 Bf5 4. c4 e6 5. Nc3 Bb4 6. cxd5 Qxd5 7. Nge2 Ne7 8. Bg5 Qa5 9. a3 Bxc3+ 10. bxc3 Nd5 11. Bd2 Qd8 12. Ng3 Bg6 13. h4 h6 14. h5 Bh7 15. Qg4 Rg8 16. Ne4 Bxe4 17. Qxe4 b5 18. a4 Qb6 19. Rb1 a6 20. c4 Nc7 21. axb5 axb5 22. cxb5 c5 23. dxc5 Qxc5 24. b6 Nd5 25. Bb5+ Nd7 26. 0-0 Rb8 27. Rfc1 Qa3 28. Rc7 Rd8 29. Rxd7 Rxd7 30. b7 Qa7 31. b8R+ Ke7 32. Bb4+ 1-0

[Event "Katowice rapid op"]
[Site "Katowice"]
[Date "2025.05.31"]
[Round "10"]
[White "Lach, Aleksandra"]
[Black "Kaminski, Piotr"]
[Result "1-0"]
[WhiteElo "2102"]
[BlackElo "1963"]
[PlyCount "119"]
[EventDate "2025.05.31"]
[EventType "swiss"]
[EventRounds "11"]
[EventCountry "POL"]
[SourceTitle "CB24_2025"]
[SourceDate "2025.06.11"]
[SourceVersion "1"]
[SourceVersionDate "2025.06.11"]
[SourceQuality "1"]

1. e4 c6 2. d4 d5 3. exd5 cxd5 4. Bd3 Nf6 5. c3 g6 6. Nf3 Bg7 7. Bf4 Nc6 8. 0-0 Bg4 9. h3 Bf5 10. Bxf5 gxf5 11. Ne5 e6 12. Qa4 Qb6 13. Na3 0-0 14. Nxc6 bxc6 15. Qb3 Rfc8 16. Nc2 c5 17. dxc5 Qxc5 18. Be5 Ne4 19. Bxg7 Kxg7 20. Qa4 Rab8 21. Nb4 Qb6 22. Nd3 Rc4 23. Qd1 a5 24. Qh5 h6 25. Kh2 Qc7+ 26. f4 f6 27. Qe2 Kh7 28. g4 fxg4 29. hxg4 Rg8 30. Rg1 e5 31. fxe5 fxe5 32. Raf1 Qe7 33. Qf3 Rg5 34. Qf7+ Qxf7 35. Rxf7+ Kg6 36. Rgf1 Rxg4 37. Nxe5+ Kh5 38. Nxg4 Kxg4 39. Rg1+ Kh5 40. Rf5+ Kh4 41. Rxd5 Ng5 42. Kg2 Rg4+ 43. Kf1 Rf4+ 44. Ke2 Nf3 45. Rh1+ Kg3 46. Rxh6 Re4+ 47. Kd3 Re8 48. Rg6+ Kf2 49. Rf6 Re3+ 50. Kc4 Ke2 51. Rxf3 Rxf3 52. Rxa5 Kd2 53. Kb3 Kc1 54. Rh5 Rf2 55. Rh1+ Kd2 56. a4 Kd3 57. Rd1+ Ke4 58. Rd4+ Ke5 59. a5 Rf6 60. Kb4 1-0

[Event "Katowice Silesia 100th Ann op"]
[Site "Katowice"]
[Date "2024.04.28"]
[Round "7"]
[White "Kucza, Karol"]
[Black "Kaminski, Piotr"]
[Result "1-0"]
[WhiteElo "2328"]
[BlackElo "1968"]
[PlyCount "95"]
[EventDate "2024.04.27"]
[EventType "swiss (rapid)"]
[EventRounds "11"]
[EventCountry "POL"]
[SourceTitle "CBM 220 Extra"]
[Source "ChessBase"]
[SourceDate "2024.07.31"]
[SourceVersion "1"]
[SourceVersionDate "2024.07.31"]
[SourceQuality "1"]

1. e4 c6 2. d4 d5 3. Nc3 dxe4 4. Nxe4 Bf5 5. Ng3 Bg6 6. h4 h6 7. Nf3 Nd7 8. h5 Bh7 9. Bd3 Bxd3 10. Qxd3 e6 11. Bd2 Ngf6 12. 0-0-0 Be7 13. Kb1 0-0 14. Ne4 Nxe4 15. Qxe4 Nf6 16. Qe2 Qd5 17. Ne5 Qe4 18. Qxe4 Nxe4 19. Be3 Rfd8 20. g4 Bf6 21. f3 Nd6 22. c3 Bxe5 23. dxe5 Nc4 24. Bf4 b5 25. b3 Nb6 26. Kc2 Rd5 27. Rxd5 cxd5 28. Be3 Nd7 29. Bd4 a6 30. Ra1 Rc8 31. a4 b4 32. Kb2 bxc3+ 33. Bxc3 f6 34. exf6 gxf6 35. b4 e5 36. Kb3 Rb8 37. Bd2 Kg7 38. Rc1 Rb7 39. Rc6 Nb6 40. Be1 a5 41. b5 Nc4 42. Rxc4 dxc4+ 43. Kxc4 Rc7+ 44. Kd5 Kf7 45. b6 Rd7+ 46. Kc6 Ke6 47. b7 Rd6+ 48. Kc7 1-0

[Event "POL-chT 2nd League"]
[Site "Jastrzebia Gora"]
[Date "2023.09.04"]
[Round "3.26"]
[White "Karut, Kacper"]
[Black "Kaminski, Piotr"]
[Result "1-0"]
[WhiteElo "2065"]
[BlackElo "2024"]
[PlyCount "137"]
[EventDate "2023.09.02"]
[EventType "team-swiss"]
[EventRounds "9"]
[EventCountry "POL"]
[SourceTitle "CBM 216 Extra"]
[Source "ChessBase"]
[SourceDate "2023.11.30"]
[SourceVersion "1"]
[SourceVersionDate "2023.11.30"]
[SourceQuality "1"]
[WhiteTeam "Grudziadz Rotmistrz"]
[BlackTeam "Zory Roszada"]
[WhiteTeamCountry "POL"]
[BlackTeamCountry "POL"]

1. e4 c6 2. d4 d5 3. Nc3 dxe4 4. Nxe4 Bf5 5. Ng3 Bg6 6. h4 h6 7. Nf3 Nd7 8. h5 Bh7 9. Bd3 Bxd3 10. Qxd3 e6 11. Bd2 Ngf6 12. 0-0-0 Be7 13. Kb1 b5 14. Ne4 a5 15. Rdg1 b4 16. g4 Nd5 17. g5 Qb6 18. gxh6 gxh6 19. Rg7 Qb5 20. Qxb5 cxb5 21. Ne5 Bf8 22. Rg2 Rc8 23. f4 N7f6 24. Nxf6+ Nxf6 25. f5 exf5 26. Rf1 Ne4 27. Rxf5 Nxd2+ 28. Rxd2 Rg8 29. Nf3 Rg3 30. Re2+ Be7 31. d5 Kf8 32. a3 bxa3 33. Ne5 Bg5 34. Nxf7 Kg7 35. Nxg5 Rxg5 36. Re7+ Kg8 37. Rxg5+ hxg5 38. h6 Rd8 39. Rg7+ Kh8 40. Rxg5 axb2 41. Kxb2 Kh7 42. d6 Rxd6 43. Rxb5 Kxh6 44. Rxa5 Kg6 45. Re5 Kf6 46. Re2 Rb6+ 47. Ka3 Rc6 48. Kb4 Rb6+ 49. Kc5 Rb2 50. Kd4 Ra2 51. Kd3 Kf5 52. Re1 Ra6 53. Kd4 Kf6 54. c4 Rc6 55. Kd5 Rc8 56. c5 Rd8+ 57. Kc6 Rd2 58. Kc7 Kf7 59. c6 Rb2 60. Kd7 Rd2+ 61. Kc8 Rb2 62. c7 Rb3 63. Re4 Rb1 64. Kd7 Rd1+ 65. Kc6 Rc1+ 66. Kd6 Rc2 67. Re5 Kf6 68. Rc5 Rd2+ 69. Kc6 1-0

[Event "POL-chT 2nd League"]
[Site "Jastrzebia Gora"]
[Date "2022.09.04"]
[Round "2.111"]
[White "Kaminski, Piotr"]
[Black "Dzwierzynski, Bartosz"]
[Result "1/2-1/2"]
[WhiteElo "2037"]
[BlackElo "2089"]
[PlyCount "52"]
[EventDate "2022.09.03"]
[EventType "team-swiss"]
[EventRounds "9"]
[EventCountry "POL"]
[SourceTitle "CBM 210 Extra"]
[Source "ChessBase"]
[SourceDate "2022.11.30"]
[SourceVersion "1"]
[SourceVersionDate "2022.11.30"]
[SourceQuality "1"]
[WhiteTeam "Zory Roszada"]
[BlackTeam "Sanovia Lesko"]
[WhiteTeamCountry "POL"]
[BlackTeamCountry "POL"]

1. d4 Nf6 2. c4 g6 3. Nc3 d5 4. Bf4 Bg7 5. e3 0-0 6. cxd5 Nxd5 7. Nxd5 Qxd5 8. Bxc7 Bf5 9. Ne2 Na6 10. Nc3 Qc6 11. Bg3 Rfd8 12. Rc1 Rac8 13. Qb3 e5 14. d5 Rxd5 15. Bxa6 bxa6 16. 0-0 Rd2 17. h3 Be6 18. Qb4 Qb6 19. Qxb6 axb6 20. b3 h6 21. e4 b5 22. f3 b4 23. Na4 Rcc2 24. Rxc2 Rxc2 25. Rf2 Rc1+ 26. Kh2 Rc6 1/2-1/2

[Event "POL-chT 2nd League"]
[Site "Sypniewo"]
[Date "2021.09.06"]
[Round "3.7"]
[White "Maciaga, Marcin"]
[Black "Kaminski, Piotr"]
[Result "1-0"]
[WhiteElo "2116"]
[BlackElo "2109"]
[PlyCount "89"]
[EventDate "2021.09.04"]
[EventType "team-swiss"]
[EventRounds "9"]
[EventCountry "POL"]
[SourceTitle "CBM 204 Extra"]
[Source "ChessBase"]
[SourceDate "2021.11.30"]
[SourceVersion "1"]
[SourceVersionDate "2021.11.30"]
[SourceQuality "1"]
[WhiteTeam "Zielonka Zieloni"]
[BlackTeam "Zory Roszada"]
[WhiteTeamCountry "POL"]
[BlackTeamCountry "POL"]

1. g3 d5 2. d4 Nf6 3. c4 c6 4. Nf3 e6 5. Bg2 Bd6 6. Nfd2 h5 7. Nc3 h4 8. e4 dxe4 9. Ndxe4 Bb4 10. 0-0 Nbd7 11. Bg5 hxg3 12. fxg3 Be7 13. Qd2 Nxe4 14. Nxe4 f6 15. Be3 Nb6 16. Qc2 f5 17. Nd2 Bf6 18. Nf3 Qe7 19. Ne5 Bxe5 20. dxe5 g5 21. Rad1 Bd7 22. Rd6 Nc8 23. Rd3 Rh7 24. Rfd1 Qd8 25. g4 Qa5 26. c5 Qc7 27. Qc3 f4 28. Bf2 Kf8 29. Be4 Rg7 30. Rh3 Ne7 31. Rh8+ Ng8 32. Rd6 Re8 33. Qd3 Ree7 34. Kf1 Qa5 35. a3 Be8 36. b4 Qc7 37. h4 gxh4 38. Bxh4 Rd7 39. Bf6 Rxg4 40. Qh3 Rdg7 41. Bh7 Rg1+ 42. Kf2 R7g3 43. Qh6+ Kf7 44. Bxg8+ Rxg8 45. Rh7+ 1-0

[Event "POL-chT 2nd League"]
[Site "Poronin"]
[Date "2020.09.13"]
[Round "9.19"]
[White "Kaminski, Piotr"]
[Black "Miasik, Adrian"]
[Result "1-0"]
[WhiteElo "2099"]
[BlackElo "1958"]
[PlyCount "107"]
[EventDate "2020.09.05"]
[EventType "team-swiss"]
[EventRounds "9"]
[EventCountry "POL"]
[SourceTitle "CBM 198 Extra"]
[Source "ChessBase"]
[SourceDate "2020.11.30"]
[SourceVersion "1"]
[SourceVersionDate "2020.11.30"]
[SourceQuality "1"]
[WhiteTeam "Zory Roszada"]
[BlackTeam "Rzeszow RzKSz"]
[WhiteTeamCountry "POL"]
[BlackTeamCountry "POL"]

1. d4 d5 2. c4 e6 3. Nf3 c5 4. cxd5 exd5 5. g3 Nc6 6. Bg2 Nf6 7. 0-0 Be7 8. dxc5 Bxc5 9. Qc2 Bb6 10. Rd1 0-0 11. Bg5 Be6 12. Nc3 h6 13. Bf4 Rc8 14. Qa4 Qe7 15. Rac1 Rfd8 16. Qb5 Ng4 17. Rf1 g5 18. Bd2 d4 19. Na4 Rd5 20. Qb3 Ba5 21. Qd1 Bxd2 22. Nxd2 Ra5 23. b3 Nge5 24. Nf3 b5 25. Nc5 Rxa2 26. Nxe6 Qxe6 27. Nxe5 Nxe5 28. Qxd4 Rxc1 29. Rxc1 Rxe2 30. Bd5 Qf5 31. Kf1 Rxf2+ 32. Qxf2 Qxf2+ 33. Kxf2 Nd3+ 34. Ke3 Nxc1 35. b4 Kg7 36. Kd2 f5 37. Kxc1 Kf6 38. Bc6 Ke5 39. Bxb5 Ke4 40. Bd7 f4 41. gxf4 gxf4 42. Kd2 Kf3 43. Bc6+ Kg4 44. Ke2 h5 45. Bf3+ Kh4 46. Kd3 Kh3 47. Bxh5 Kxh2 48. Kc4 Kg3 49. Kb5 f3 50. Ka6 f2 51. Be2 Kf4 52. Kxa7 Ke3 53. Bf1 Kd4 54. b5 1-0

[Event "POL-chT 2nd League"]
[Site "Poronin"]
[Date "2020.09.08"]
[Round "4.15"]
[White "Kaminski, Piotr"]
[Black "Piesik, Piotr"]
[Result "1/2-1/2"]
[WhiteElo "2099"]
[BlackElo "2418"]
[PlyCount "53"]
[EventDate "2020.09.05"]
[EventType "team-swiss"]
[EventRounds "9"]
[EventCountry "POL"]
[SourceTitle "CBM 198 Extra"]
[Source "ChessBase"]
[SourceDate "2020.11.30"]
[SourceVersion "1"]
[SourceVersionDate "2020.11.30"]
[SourceQuality "1"]
[WhiteTeam "Zory Roszada"]
[BlackTeam "Gliwice Politechnika Slaska"]
[WhiteTeamCountry "POL"]
[BlackTeamCountry "POL"]

1. d4 Nf6 2. c4 d6 3. Nc3 Nbd7 4. g3 g6 5. Bg2 Bg7 6. e4 e5 7. Nge2 0-0 8. 0-0 c6 9. b4 exd4 10. Nxd4 a5 11. b5 c5 12. Nc2 Nb6 13. Qd3 Ng4 14. f4 Be6 15. Nd5 f5 16. Rb1 Nf6 17. Nxb6 Qxb6 18. Bb2 fxe4 19. Bxe4 Nxe4 20. Qxe4 Bf5 21. Qd5+ Rf7 22. Bxg7 Kxg7 23. Rf2 Re8 24. Re1 Rfe7 25. Rxe7+ Rxe7 26. Qd2 Qd8 27. Ne3 1/2-1/2

[Event "Polanica Zdroj op-B 48th"]
[Site "Polanica Zdroj"]
[Date "2012.08.25"]
[Round "8"]
[White "Sypien, Mateusz"]
[Black "Kaminski, Piotr"]
[Result "1-0"]
[WhiteElo "2272"]
[BlackElo "2164"]
[PlyCount "67"]
[EventDate "2012.08.18"]
[EventType "swiss"]
[EventRounds "9"]
[EventCountry "POL"]
[SourceTitle "EXT 2014"]
[Source "ChessBase"]
[SourceDate "2013.11.20"]
[SourceVersion "1"]
[SourceVersionDate "2013.11.20"]
[SourceQuality "1"]

1. e4 d6 2. d4 c6 3. Nc3 Nd7 4. Be3 e5 5. f3 Qa5 6. Qd2 Ngf6 7. 0-0-0 Rb8 8. Kb1 b5 9. g4 exd4 10. Bxd4 b4 11. Nce2 c5 12. Bxf6 Nxf6 13. Nf4 Be6 14. Nxe6 fxe6 15. Bc4 e5 16. Nh3 h6 17. g5 Nd7 18. Qd5 Kd8 19. Qf7 Qc7 20. gxh6 gxh6 21. Rhg1 Kc8 22. Be6 Qd8 23. Bxd7+ Qxd7 24. Qf6 Qh7 25. f4 exf4 26. e5 dxe5 27. Qe6+ Kc7 28. Qxe5+ Kb7 29. Qe6 Kc7 30. Nxf4 Rd8 31. Qe5+ Kc8 32. Rxd8+ Kxd8 33. Rd1+ Kc8 34. Qe8+ 1-0

[Event "Polanica Zdroj op-B 48th"]
[Site "Polanica Zdroj"]
[Date "2012.08.23"]
[Round "6"]
[White "Kocwin, Bartosz"]
[Black "Kaminski, Piotr"]
[Result "0-1"]
[WhiteElo "2226"]
[BlackElo "2164"]
[PlyCount "76"]
[EventDate "2012.08.18"]
[EventType "swiss"]
[EventRounds "9"]
[EventCountry "POL"]
[SourceTitle "EXT 2014"]
[Source "ChessBase"]
[SourceDate "2013.11.20"]
[SourceVersion "1"]
[SourceVersionDate "2013.11.20"]
[SourceQuality "1"]

1. e4 d6 2. d4 c6 3. Nf3 Nd7 4. Nc3 e5 5. Bc4 Be7 6. a4 Ngf6 7. 0-0 0-0 8. h3 a5 9. Re1 Qc7 10. Bg5 Re8 11. Bh4 h6 12. Bg3 g6 13. Qd2 Kg7 14. Kh1 Nh5 15. Bh2 g5 16. Nd1 Nf4 17. c3 Nf6 18. Ng1 Bd7 19. f3 Rh8 20. Ne3 h5 21. Ne2 h4 22. Rad1 Rad8 23. Qc2 N6h5 24. Qb3 Ng3+ 25. Bxg3 hxg3 26. Nxg3 Bxh3 27. Kg1 Be6 28. Ngf5+ Bxf5 29. Nxf5+ Kf6 30. g3 d5 31. gxf4 gxf4 32. Bf1 Rdg8+ 33. Bg2 dxe4 34. dxe5+ Qxe5 35. Nd4 Rxg2+ 36. Kf1 Rg1+ 37. Kf2 Rg2+ 38. Kf1 Qg5 0-1

[Event "Polanica Zdroj op-B 48th"]
[Site "Polanica Zdroj"]
[Date "2012.08.20"]
[Round "3"]
[White "Kaminski, Piotr"]
[Black "Kay, Jonathan"]
[Result "1-0"]
[WhiteElo "2164"]
[BlackElo "1989"]
[PlyCount "55"]
[EventDate "2012.08.18"]
[EventType "swiss"]
[EventRounds "9"]
[EventCountry "POL"]
[SourceTitle "EXT 2014"]
[Source "ChessBase"]
[SourceDate "2013.11.20"]
[SourceVersion "1"]
[SourceVersionDate "2013.11.20"]
[SourceQuality "1"]

1. d4 d5 2. Nf3 Nf6 3. Bf4 c6 4. e3 Bf5 5. Be2 e6 6. Ne5 Nbd7 7. g4 Bg6 8. h4 h6 9. Nxg6 fxg6 10. Qd3 Qa5+ 11. c3 0-0-0 12. Nd2 Nb6 13. a4 Nxa4 14. b4 Bxb4 15. cxb4 Qxb4 16. 0-0 b5 17. Rfc1 Kb7 18. Nb3 Ne4 19. Rxa4 bxa4 20. Qa6+ Ka8 21. Qxc6+ Qb7 22. Qxa4 Rc8 23. Nc5 Nxc5 24. dxc5 g5 25. Be5 Rhf8 26. Ba6 Qf7 27. f4 gxf4 28. c6 1-0

[Event "Polanica Zdroj op-B 48th"]
[Site "Polanica Zdroj"]
[Date "2012.08.18"]
[Round "1"]
[White "Kaminski, Piotr"]
[Black "Ociepka, Tomasz"]
[Result "1-0"]
[WhiteElo "2164"]
[BlackElo "1885"]
[PlyCount "51"]
[EventDate "2012.08.18"]
[EventType "swiss"]
[EventRounds "9"]
[EventCountry "POL"]
[SourceTitle "EXT 2014"]
[Source "ChessBase"]
[SourceDate "2013.11.20"]
[SourceVersion "1"]
[SourceVersionDate "2013.11.20"]
[SourceQuality "1"]

1. d4 Nf6 2. Nf3 e6 3. Bg5 h6 4. Bh4 b6 5. Nbd2 Bb7 6. e3 d5 7. Ne5 Be7 8. f4 Ne4 9. Bxe7 Qxe7 10. Nxe4 dxe4 11. c3 0-0 12. Qh5 Nd7 13. Nxd7 Qxd7 14. g4 Qd5 15. Qh4 c5 16. Rg1 cxd4 17. exd4 f6 18. Be2 b5 19. g5 fxg5 20. fxg5 hxg5 21. Rxg5 Rf5 22. Rg6 Re8 23. Bg4 Rf7 24. Rg5 Qd8 25. Bxe6 Qxg5 26. Bxf7+ 1-0

[Event "Gniezno GOSiR op-A"]
[Site "Gniezno"]
[Date "2012.08.12"]
[Round "2"]
[White "Lacina, Jerzy"]
[Black "Kaminski, Piotr"]
[Result "1-0"]
[WhiteElo "1588"]
[BlackElo "2164"]
[PlyCount "49"]
[EventDate "2012.08.11"]
[EventType "swiss"]
[EventRounds "9"]
[EventCountry "POL"]
[SourceTitle "EXT 2023"]
[Source "ChessBase"]
[SourceDate "2022.10.05"]
[SourceVersion "1"]
[SourceVersionDate "2022.10.05"]
[SourceQuality "1"]

1. e4 e6 2. d4 d5 3. Nc3 Nf6 4. Bg5 Be7 5. e5 Nfd7 6. Bxe7 Qxe7 7. Nf3 a6 8. Be2 c5 9. 0-0 cxd4 10. Qxd4 Nc6 11. Qf4 b5 12. a3 Bb7 13. Rfd1 0-0 14. h3 f6 15. exf6 Rxf6 16. Qh4 Raf8 17. Bd3 h6 18. Re1 Qf7 19. Ng5 Qe8 20. Nxd5 hxg5 21. Qh7+ Kf7 22. Qh5+ Kg8 23. Bh7+ Kh8 24. Bg6+ Kg8 25. Qh7# 1-0

[Event "Rewal op-A 16th"]
[Site "Rewal"]
[Date "2011.08.25"]
[Round "6"]
[White "Kaminski, Piotr"]
[Black "Andrzejewska, Anna"]
[Result "1/2-1/2"]
[WhiteElo "2158"]
[BlackElo "1987"]
[PlyCount "81"]
[EventDate "2011.08.19"]
[EventType "swiss"]
[EventRounds "9"]
[EventCountry "POL"]
[SourceTitle "CBM 144 Extra"]
[Source "ChessBase"]
[SourceDate "2011.10.28"]
[SourceVersion "1"]
[SourceVersionDate "2011.10.28"]
[SourceQuality "1"]

1. d4 d5 2. Nf3 c6 3. Bf4 Nf6 4. e3 e6 5. Bd3 Bd6 6. 0-0 0-0 7. Bg5 Nbd7 8. Nbd2 b6 9. e4 dxe4 10. Nxe4 Be7 11. Qe2 Bb7 12. Rad1 Nxe4 13. Qxe4 g6 14. Qh4 Re8 15. Rfe1 c5 16. Bxe7 Qxe7 17. Ng5 Nf8 18. dxc5 bxc5 19. Re3 Rad8 20. Rde1 Rd4 21. Qg3 Red8 22. b3 Nd7 23. Nf3 Rd6 24. Ne5 Nf6 25. Nc4 Rd4 26. f3 Nh5 27. Qf2 Nf4 28. Bf1 Qg5 29. g3 Nd5 30. Re5 Qf6 31. Bg2 Ba6 32. Bf1 Bb7 33. a3 Nc3 34. Bg2 Bd5 35. Nb2 Bb7 36. Nd3 c4 37. bxc4 Rxc4 38. Rc5 Rxc5 39. Qxc5 Qd4+ 40. Qxd4 Rxd4 41. f4 1/2-1/2